000 005820000a22001810004500
041 0 _aSPA
082 0 4 _aG 268.42 L219u
100 1 _aLambdin, Ina S. de (1894-)
245 1 0 _aManual para consejeros de uniones de primarios / Ina S. de Lambdin ; Olivia S. D. de Lerín, Traductor
260 _aEl Paso, TX., USA : Casa Bautista de Publicaciones
300 _a160 Pag
500 _aTitulo original : The junior leadership manual
001 7900
942 _cBK
999 _c38102
_d38102
336 _atexto
_btxt
_2rdacontent
337 _2rdamedia
_asin mediación
_bn
338 _2rdacarrier
_avolumen
_bnc